000 00400nam a22001217a 4500
020 _a9780711229631
082 _a635
_bLYL/VE
100 _aLyle,Susanna
_91161
245 _aVegetables Herbs and Spices: A Comprwhensive guide to the Cultivation, uses and health benefits of over 200 food -Producing plants
260 _aLondon
_bFrances Lincoln Limited Publishers
_c2009
300 _a480
942 _cREF
999 _c14663
_d14663